Gaut Gurley, or, The trappers of Umbagog : a tale of border life /

Bibliographic Details
Main Author: Thompson, Daniel P. (Daniel Pierce), 1795-1868
Format: Microform Book
Language:English
Published: Boston : J. P. Jewett, 1857.

MARC

Tag First Indicator Second Indicator Subfields
LEADER 00000cam a2200000 a 4500
001 in00000745430
005 20151016161352.0
007 hd afa014baca
008 760621s1857 ctu a 00011 eng d
035 |a (OCoLC)02271912 
035 |9 ADJ1850AM 
040 |a JNA  |c JNA  |d LWS  |d UtOrBLW 
049 |a TXAI 
090 |a PS15 
099 |a film  |a B  |a 1551 
100 1 |a Thompson, Daniel P.  |q (Daniel Pierce),  |d 1795-1868. 
245 1 0 |a Gaut Gurley, or, The trappers of Umbagog :  |b a tale of border life /  |c by D.P. Thompson. 
264 1 |a Boston :  |b J. P. Jewett,  |c 1857. 
300 |a vi, 360 pages 
336 |a text  |b txt  |2 rdacontent 
337 |a microform  |b h  |2 rdamedia 
338 |a microfilm reel  |b hd  |2 rdacarrier 
533 |a Microfilm.  |b Woodbridge, Conn. :  |c Research Publications,  |d 1970-1978.  |e 1 microfilm reel ; 35 mm.  |f (Wright American fiction ; v. 2 (1851-1875), reel T-11, no. 2475) 
500 |a Microform. 
999 |a MARS 
999 f f |s fceac1bd-f6e9-3672-bf96-e59a459c80de  |i 201c91aa-419b-3363-8b07-2b196ef1f80f  |t 0 
952 f f |p default  |a Texas A&M University  |b College Station  |c Sterling C. Evans Library  |d Evans: Microforms (3rd floor)  |t 0  |e film B 1551 v.2 reel T-11 no.2475  |h Other scheme  |i microform -- microfilm reel 
998 f f |a film B 1551 v.2 reel T-11 no.2475  |t 0  |l Evans: Microforms (3rd floor)